[Event "Caioba Telecom op"]
[Site "Caioba"]
[Date "2017.10.01"]
[Round "7"]
[White "Cordeiro da Silva, Felipe"]
[Black "Bruce, Shannon Hill"]
[Result "0-1"]
[WhiteElo "1783"]
[BlackElo "2151"]
[PlyCount "42"]
[EventDate "2017.09.28"]
[EventType "swiss"]
[EventRounds "8"]
[EventCountry "BRA"]
[SourceTitle "EXT 2020"]
[Source "ChessBase"]
[SourceDate "2019.10.17"]
[SourceVersion "1"]
[SourceVersionDate "2019.10.17"]
[SourceQuality "1"]

1. d4 d6 2. Nf3 f5 3. c4 Nf6 4. Nc3 g6 5. g3 Bg7 6. Bg2 0-0 7. 0-0 c6 8. Qc2 Na6 9. a3 Qe8 10. Bf4 h6 11. h4 Nh5 12. Bc1 f4 13. Kh2 g5 14. e4 g4 15. Ne1 Bxd4 16. Nd3 e5 17. Ne2 f3 18. Bxf3 Rxf3 19. Nxd4 exd4 20. Re1 Qf8 21. b4 Rxd3 0-1

[Event "Aldeia de Barueri op"]
[Site "Aldeia de Barueri"]
[Date "2017.08.05"]
[Round "3"]
[White "Bruce, Shannon Hill"]
[Black "Tsuboi, Edson Kenji"]
[Result "1-0"]
[WhiteElo "2138"]
[BlackElo "2252"]
[PlyCount "71"]
[EventDate "2017.08.04"]
[EventType "swiss"]
[EventRounds "6"]
[EventCountry "BRA"]
[SourceTitle "CBM 180 Extra"]
[Source "ChessBase"]
[SourceDate "2017.10.06"]
[SourceVersion "1"]
[SourceVersionDate "2017.10.06"]
[SourceQuality "1"]

1. Nf3 Nf6 2. g3 g6 3. Bg2 Bg7 4. c4 0-0 5. Nc3 d6 6. d4 Nc6 7. 0-0 a6 8. Bf4 Bg4 9. h3 Bxf3 10. Bxf3 Nd7 11. Qd2 Nxd4 12. Bxb7 Rb8 13. Bg2 Re8 14. Rab1 Qc8 15. Rfd1 Nf8 16. Bh6 Bh8 17. g4 c6 18. e3 Nde6 19. Na4 Nd7 20. Qa5 Ne5 21. b3 f6 22. Bf4 Nxf4 23. exf4 Nf7 24. c5 Rb5 25. Qd2 dxc5 26. Qd7 Qxd7 27. Rxd7 Rb4 28. Nxc5 Rxf4 29. Nd3 Ne5 30. Nxf4 Nxd7 31. Bxc6 e5 32. Nd5 Rd8 33. Rd1 Kf8 34. Nb6 Ke7 35. Rxd7+ Rxd7 36. Bxd7 1-0

[Event "Sao Paulo Hebraica op 24th"]
[Site "Sao Paulo"]
[Date "2017.01.13"]
[Round "2"]
[White "Bruce, Shannon Hill"]
[Black "Nunes dos Santos, Rafael"]
[Result "1-0"]
[WhiteElo "2152"]
[BlackElo "1775"]
[PlyCount "57"]
[EventDate "2017.01.13"]
[EventType "swiss"]
[EventRounds "6"]
[EventCountry "BRA"]
[SourceTitle "CBM 176 Extra"]
[Source "ChessBase"]
[SourceDate "2017.03.02"]
[SourceVersion "1"]
[SourceVersionDate "2017.03.02"]
[SourceQuality "1"]

1. e4 g5 2. d4 Bg7 3. Nc3 c6 4. Bxg5 Qb6 5. Nf3 Qxb2 6. Bd2 d6 7. Rb1 Qa3 8. Bc4 Bg4 9. 0-0 Bxd4 10. Bxf7+ Kd8 11. Rb3 Qc5 12. Nxd4 Qxd4 13. Qxg4 Nf6 14. Qg7 Qxd2 15. Qxh8+ Kc7 16. e5 Ng4 17. Ne4 Qh6 18. exd6+ exd6 19. Rh3 Qf4 20. Qxh7 Nd7 21. Be6 Rd8 22. Rf3 Qe5 23. Bxg4 Kb8 24. Rb1 Rh8 25. Rxb7+ Ka8 26. Rxa7+ Kb8 27. Rb3+ Kxa7 28. Qxd7+ Ka6 29. Qb7+ 1-0

[Event "Brasilia Terraviva op"]
[Site "Brasilia"]
[Date "2017.01.06"]
[Round "2"]
[White "Movahedi Aliabadi, Hamid"]
[Black "Bruce, Shannon Hill"]
[Result "0-1"]
[WhiteElo "1552"]
[BlackElo "2152"]
[PlyCount "74"]
[EventDate "2017.01.06"]
[EventType "swiss"]
[EventRounds "6"]
[EventCountry "BRA"]
[SourceTitle "CBM 176 Extra"]
[Source "ChessBase"]
[SourceDate "2017.03.02"]
[SourceVersion "1"]
[SourceVersionDate "2017.03.02"]
[SourceQuality "1"]

1. d4 Nf6 2. c4 e6 3. Nc3 c5 4. d5 exd5 5. cxd5 d6 6. e4 g6 7. Nf3 Bg7 8. Bg5 0-0 9. Bd3 a6 10. 0-0 Nbd7 11. Qc2 b5 12. Bxb5 axb5 13. Nxb5 Ba6 14. Nxd6 Bxf1 15. Kxf1 Qa5 16. a3 Qa6+ 17. Nc4 Rfe8 18. Bxf6 Nxf6 19. Nfd2 Ng4 20. h3 Ne5 21. Kg1 Rab8 22. Rb1 Nxc4 23. Nxc4 Bd4 24. b3 Rb7 25. a4 Qf6 26. Na5 Rbe7 27. Re1 Bc3 28. e5 Rxe5 29. Rxe5 Qxe5 30. Nc6 Qe1+ 31. Kh2 Bd2 32. Qxc5 Re2 33. Qd4 Rxf2 34. d6 Bf4+ 35. Qxf4 Rxf4 36. d7 Rd4 37. Nxd4 Qe5+ 0-1

[Event "Sao Paulo CXSP U2200 1st"]
[Site "Sao Paulo"]
[Date "2016.12.15"]
[Round "1.1"]
[White "Bruce, Shannon Hill"]
[Black "Nobre, Jose Adalberto Barb"]
[Result "1-0"]
[WhiteElo "2152"]
[BlackElo "1655"]
[PlyCount "91"]
[EventDate "2016.12.15"]
[EventType "swiss"]
[EventRounds "6"]
[EventCountry "BRA"]
[SourceTitle "EXT 2022"]
[Source "ChessBase"]
[SourceDate "2021.10.06"]
[SourceVersion "1"]
[SourceVersionDate "2021.10.06"]
[SourceQuality "1"]

1. Nf3 Nf6 2. g3 g6 3. Bg2 Bg7 4. 0-0 0-0 5. c4 d6 6. d4 c6 7. Nc3 Qa5 8. e4 Bg4 9. h3 Bxf3 10. Bxf3 Nfd7 11. Rb1 Qb4 12. Be2 e5 13. a3 Qb6 14. dxe5 dxe5 15. Be3 Qc7 16. g4 Na6 17. b4 Rad8 18. Qa4 Qd6 19. Rfd1 Qf6 20. b5 Nac5 21. Qb4 a5 22. bxa6 Nxa6 23. Qxb7 Nac5 24. Qc7 h5 25. Bxc5 Nxc5 26. Rxd8 Rxd8 27. Rb8 Rxb8 28. Qxb8+ Bf8 29. Qc8 Ne6 30. Qxc6 Bc5 31. Nd1 Qf4 32. Kf1 Qh2 33. Ke1 Qxh3 34. gxh5 Bxa3 35. Ne3 Bb4+ 36. Kd1 Qh1+ 37. Nf1 Qg2 38. Qe8+ Kg7 39. h6+ Kxh6 40. Qh8+ Kg5 41. Qxe5+ Kh6 42. Ne3 Qh1+ 43. Kc2 Kh7 44. Ng4 Be7 45. Qh2+ Qxh2 46. Nxh2 1-0

[Event "Hebraica Xeque Mate op 1st"]
[Site "Hebraica"]
[Date "2016.06.11"]
[Round "3"]
[White "Teshima, Ricardo Yoshida"]
[Black "Bruce, Shannon Hill"]
[Result "0-1"]
[WhiteElo "1828"]
[BlackElo "2156"]
[PlyCount "58"]
[EventDate "2016.06.11"]
[EventType "swiss"]
[EventRounds "5"]
[EventCountry "BRA"]
[SourceTitle "CBM 173 Extra"]
[Source "ChessBase"]
[SourceDate "2016.08.29"]
[SourceVersion "1"]
[SourceVersionDate "2016.08.29"]
[SourceQuality "1"]

1. e4 d6 2. d4 Nf6 3. Nc3 g6 4. f3 a6 5. a4 Nc6 6. Be3 Bg7 7. Qd2 e5 8. d5 Ne7 9. Rd1 0-0 10. Bh6 Bxh6 11. Qxh6 c6 12. h4 Qb6 13. Qg5 Kg7 14. Qc1 cxd5 15. exd5 Nf5 16. h5 Qe3+ 17. Qxe3 Nxe3 18. h6+ Kg8 19. Rd2 Bd7 20. a5 Rac8 21. Bd3 Rc5 22. Ne4 Nxe4 23. fxe4 Rxa5 24. b4 Ra1+ 25. Kf2 Ng4+ 26. Kf3 f5 27. exf5 gxf5 28. Be2 e4+ 29. Kf4 Nf2 0-1

[Event "Sao Paulo Segal Memorial 1st"]
[Site "Sao Paulo"]
[Date "2016.05.20"]
[Round "1"]
[White "Bruce, Shannon Hill"]
[Black "Brujin, Homero"]
[Result "1-0"]
[WhiteElo "2145"]
[BlackElo "1419"]
[PlyCount "41"]
[EventDate "2016.05.20"]
[EventType "swiss"]
[EventRounds "6"]
[EventCountry "BRA"]
[SourceTitle "CBM 172 Extra"]
[Source "ChessBase"]
[SourceDate "2016.06.21"]
[SourceVersion "1"]
[SourceVersionDate "2016.06.21"]
[SourceQuality "1"]

1. b3 d5 2. Bb2 Nf6 3. Nf3 e6 4. e3 Be7 5. d4 0-0 6. Bd3 b6 7. Ne5 Bb7 8. 0-0 Nbd7 9. Nd2 Rc8 10. f4 c5 11. Qf3 Rc7 12. Qh3 Ne4 13. Ndf3 f5 14. g4 Nd6 15. c3 Nf6 16. gxf5 Nxf5 17. Ng5 Bc8 18. Nxe6 Bxe6 19. Bxf5 Bxf5 20. Qxf5 Ne4 21. Qe6+ 1-0

[Event "Sao Paulo op-A U2300 4th"]
[Site "Sao Paulo"]
[Date "2016.03.27"]
[Round "6"]
[White "De Haro, Martim Alfonso"]
[Black "Bruce, Shannon Hill"]
[Result "1/2-1/2"]
[WhiteElo "2049"]
[BlackElo "2177"]
[PlyCount "54"]
[EventDate "2016.03.24"]
[EventType "swiss"]
[EventRounds "7"]
[EventCountry "BRA"]
[SourceTitle "CBM 171 Extra"]
[Source "ChessBase"]
[SourceDate "2016.04.26"]
[SourceVersion "1"]
[SourceVersionDate "2016.04.26"]
[SourceQuality "1"]

1. e4 d6 2. d4 Nf6 3. Nc3 g6 4. Nf3 Bg7 5. h3 a6 6. a4 Nc6 7. Be3 0-0 8. Be2 e5 9. dxe5 dxe5 10. Qxd8 Rxd8 11. Rd1 Rxd1+ 12. Kxd1 b5 13. Kc1 bxa4 14. Bc4 a3 15. bxa3 Bf8 16. Nb1 Bd6 17. Rd1 Na5 18. Ba2 Nxe4 19. Nxe5 Bxe5 20. Rd8+ Kg7 21. Bd5 Rb8 22. Bxe4 Bb2+ 23. Kd2 Bf6 24. Ba7 Nc4+ 25. Kd3 Ne5+ 26. Kd2 Nc4+ 27. Kd3 Ne5+ 1/2-1/2

[Event "Sao Paulo op-A U2300 4th"]
[Site "Sao Paulo"]
[Date "2016.03.26"]
[Round "5"]
[White "Bruce, Shannon Hill"]
[Black "De Borba, Guilherme"]
[Result "0-1"]
[WhiteElo "2177"]
[BlackElo "2015"]
[PlyCount "80"]
[EventDate "2016.03.24"]
[EventType "swiss"]
[EventRounds "7"]
[EventCountry "BRA"]
[SourceTitle "CBM 171 Extra"]
[Source "ChessBase"]
[SourceDate "2016.04.26"]
[SourceVersion "1"]
[SourceVersionDate "2016.04.26"]
[SourceQuality "1"]

1. d4 Nf6 2. Nf3 c5 3. e3 g6 4. dxc5 Qa5+ 5. Bd2 Qxc5 6. Bc3 Bg7 7. Nbd2 0-0 8. Be2 d6 9. Nb3 Qc7 10. 0-0 Nc6 11. a4 Bd7 12. a5 a6 13. Nfd2 Be6 14. Ra4 Rac8 15. Nc4 Nd7 16. Bxg7 Kxg7 17. Kh1 Nce5 18. Nxe5 Bxb3 19. cxb3 Nxe5 20. f4 Nd7 21. Bc4 Nf6 22. Qe1 d5 23. Bd3 e6 24. Ra1 Rfd8 25. b4 Ne4 26. Rd1 Qc6 27. Qh4 Rd7 28. Qe1 Rdd8 29. Qh4 Rd7 30. Qe1 Qa4 31. b5 Nc5 32. bxa6 bxa6 33. b4 Nxd3 34. Rxd3 Rdc7 35. Rd4 Qa3 36. Qe2 Rc1 37. g4 Rxf1+ 38. Qxf1 Qxe3 39. Qa1 Kg8 40. Rd1 Rc2 0-1

[Event "Sao Paulo Camara Memorial 1st"]
[Site "Sao Paulo"]
[Date "2016.03.13"]
[Round "6"]
[White "Caldeira, Tiago Pereira"]
[Black "Bruce, Shannon Hill"]
[Result "0-1"]
[WhiteElo "2027"]
[BlackElo "2177"]
[PlyCount "86"]
[EventDate "2016.03.11"]
[EventType "swiss"]
[EventRounds "6"]
[EventCountry "BRA"]
[SourceTitle "CBM 171 Extra"]
[Source "ChessBase"]
[SourceDate "2016.04.26"]
[SourceVersion "1"]
[SourceVersionDate "2016.04.26"]
[SourceQuality "1"]

1. d4 Nf6 2. c4 e6 3. Nc3 Bb4 4. e3 0-0 5. Bd3 d5 6. Nf3 Nbd7 7. 0-0 c6 8. a3 Bd6 9. e4 dxc4 10. Bxc4 e5 11. Bg5 h6 12. Bh4 Qe7 13. Re1 Nb6 14. Bb3 Bg4 15. h3 Bxf3 16. Qxf3 exd4 17. e5 Bxe5 18. Qf5 dxc3 19. Rxe5 Qd7 20. Qb1 cxb2 21. Qxb2 Nbd5 22. Rd1 Qc7 23. Bg3 Qb6 24. Qc2 Rfe8 25. Rf5 Re6 26. Be5 Rae8 27. Bxf6 Re1+ 28. Rxe1 Rxe1+ 29. Kh2 Nxf6 30. Qd3 Qc7+ 31. g3 Qe7 32. Rf4 Re5 33. Rd4 Qc7 34. Rd8+ Re8 35. Rd4 a6 36. Qg6 Kf8 37. Qd3 b5 38. Rf4 Rd8 39. Qc2 c5 40. a4 c4 41. axb5 axb5 42. Ba2 Qa5 43. Bb1 Qe1 0-1

[Event "Sao Paulo Hebraica op 23rd"]
[Site "Sao Paulo"]
[Date "2016.01.09"]
[Round "2"]
[White "Schwertner, Joao Victor Moreir"]
[Black "Bruce, Shannon Hill"]
[Result "0-1"]
[WhiteElo "1877"]
[BlackElo "2158"]
[PlyCount "46"]
[EventDate "2016.01.08"]
[EventType "swiss"]
[EventRounds "6"]
[EventCountry "BRA"]
[SourceTitle "CBM 170 Extra"]
[Source "ChessBase"]
[SourceDate "2016.02.25"]
[SourceVersion "1"]
[SourceVersionDate "2016.02.25"]
[SourceQuality "1"]

1. d4 Nf6 2. c4 e6 3. Nf3 c5 4. d5 exd5 5. cxd5 d6 6. Nc3 a6 7. a4 g6 8. Bg5 Bg7 9. Ne4 Qa5+ 10. Bd2 Qc7 11. Nxf6+ Bxf6 12. Bc3 Nd7 13. Nd2 0-0 14. e3 b6 15. Rc1 Rb8 16. Ne4 Bxc3+ 17. Nxc3 Nf6 18. Be2 Re8 19. 0-0 Ne4 20. Rb1 Qe7 21. Bd3 Bf5 22. Qe2 c4 23. Nxe4 cxd3 0-1